|
|
|
|
| LEADER |
00000nam0a2200000 4500 |
| 001 |
317712 |
| 005 |
20231102003013.0 |
| 035 |
|
|
|a (RuTPU)RU\TPU\book\343180
|
| 090 |
|
|
|a 317712
|
| 100 |
|
|
|a 20160412d1967 m y0rusy50 ca
|
| 101 |
0 |
|
|a rus
|
| 102 |
|
|
|a RU
|
| 105 |
|
|
|a a z 000zy
|
| 200 |
1 |
|
|a Годы и страны: записки кинооператора
|f В.В. Микоша
|
| 210 |
|
|
|a Москва
|c Искусство
|d 1967
|
| 215 |
|
|
|a 568 с.
|c ил.
|
| 606 |
1 |
|
|a Кинематография
|2 stltpush
|3 (RuTPU)RU\TPU\subj\39488
|9 59564
|
| 610 |
1 |
|
|a киносъемка
|
| 610 |
1 |
|
|a Великая Отечественная война 1941-1945
|
| 610 |
1 |
|
|a кинохроника
|
| 610 |
1 |
|
|a операторы
|
| 610 |
1 |
|
|a СССР
|
| 610 |
1 |
|
|a история
|
| 610 |
1 |
|
|a киноискусство
|
| 675 |
|
|
|a 778.5
|v 4
|
| 700 |
|
1 |
|a Микоша
|b В.В.
|g Владислав Владиславович
|
| 801 |
|
1 |
|a RU
|b 63413507
|c 20160412
|
| 801 |
|
2 |
|a RU
|b 63413507
|c 20171030
|g RCR
|
| 942 |
|
|
|c BK
|